Almas visionarias /

Gespeichert in:
Bibliographische Detailangaben
1. Verfasser: González, Emiliano, 1955- (VerfasserIn)
Format: Elektronisch E-Book
Sprache:Spanisch
Veröffentlicht: México, D.F. : Fondo de Cultura Económica, 2012.
Ausgabe:Primera edición electrónica.
Schriftenreihe:Letras mexicanas.
Schlagworte:
Online-Zugang:Digitalia Hispánica
Tags: Tag hinzufügen
Keine Tags, Fügen Sie den ersten Tag hinzu!

MARC

LEADER 00000nam a2200000Ii 4500
001 DIGFCE0484
003 NyNyDIG
006 m o d
007 cr |||||||||||
008 170801t20121987mx ob 000 0 spa d
035 |a (OCoLC)1001310043 
040 |a DGITA  |b eng  |e rda  |e pn  |c DGITA 
020 |a 9786071608932  |q (eBook ;  |q ePub) 
020 |a 6071608937  |q (eBook ;  |q ePub) 
020 |z 9789681625696 
020 |z 9681625692 
050 1 4 |a PN56.F34 ebook 
082 0 4 |a 809.915 
100 1 |a González, Emiliano,  |d 1955-  |e author. 
245 1 0 |a Almas visionarias /  |c Emiliano González. 
250 |a Primera edición electrónica. 
264 1 |a México, D.F. :  |b Fondo de Cultura Económica,  |c 2012. 
264 4 |c ©1987 
300 |a 1 online resource. 
336 |a text  |b txt  |2 rdacontent 
337 |a computer  |b c  |2 rdamedia 
338 |a online resource  |b cr  |2 rdacarrier 
490 1 |a Letras mexicanas 
504 |a Includes bibliographical references. 
588 0 |a Online resource; title from ePub title page (Digitalia, viewed August 2, 2017) 
650 0 |a Fantasy literature  |x History and criticism. 
655 0 |a Electronic books. 
791 2 |a Digitalia (Firm),  |e distributor. 
793 0 |g Digitalia eBook Collection:  |a Fondo de Cultura Económica 
776 0 8 |i Print version:  |a González, Emiliano, 1955-  |t Almas visionarias.  |b Primera edición.  |d México, D.F. : Fondo de Cultura Económica, 1987  |z 9789681625696  |w (OCoLC)18324292 
830 0 |a Letras mexicanas. 
856 4 0 |3 Digitalia Hispánica  |u https://digitalia.unach.elogim.com/a/43083/ 
910 |a Premium collection: 2017